Advanced Computer Architecture (Record no. 354107)

MARC details
000 -LEADER
fixed length control field 00410nam a2200145Ia 4500
008 - FIXED-LENGTH DATA ELEMENTS--GENERAL INFORMATION
fixed length control field 230719s9999 xx 000 0 und d
041 ## - LANGUAGE CODE
Language code of text/sound track or separate title eng
082 ## - DEWEY DECIMAL CLASSIFICATION NUMBER
Classification number 004.22
Item number HWA
100 ## - MAIN ENTRY--PERSONAL NAME
Personal name Hwang K.
9 (RLIN) 114265
245 ## - TITLE STATEMENT
Title Advanced Computer Architecture
Remainder of title Parallelism Scalability Programmability
260 ## - PUBLICATION, DISTRIBUTION, ETC. (IMPRINT)
Name of publisher, distributor, etc. Mcgraw Hill International Edition
300 ## - PHYSICAL DESCRIPTION
Extent 770
365 ## - TRADE PRICE
Currency code Rs.
Price amount 305.00
700 ## - ADDED ENTRY--PERSONAL NAME
Personal name Hwang K.
9 (RLIN) 114265
Holdings
Withdrawn status Lost status Damaged status Not for loan Home library Current library Shelving location Date acquired Vendor Cost, normal purchase price Full call number Barcode Date last seen Cost, replacement price Bill Date Koha item type Original Barcode
        Cummins College of Engineering for Women Pune Cummins College of Engineering for Women Pune Donated Book 15/02/2013 Masurkar Enterprises 305.00 004.22 CCEP-DB-312 19/07/2023 305.00 19/07/2023 Books D00312